000 00563nam a2200205 i 4500
001 C2-0168492
003 PPAK
005 20180728090953.0
008 980718s1977 xx a|||| ||||| | eng d
040 _aPPAK
_beng
_cPPAK
_erda
082 0 4 _a915.986
_2 23
090 0 0 _a915.986
_bBAL
_dR
245 0 0 _aBali
264 1 _a[place of publication not identified] :
_b[publisher not identified] ,
_c1977
300 _a264 pages :
_billustrations
336 _2rdacontent
_atext
337 _2rdamedia
_aunmediated
338 _2rdacarrier
_avolume
942 _ddc
_cB
999 _c152639
_d152639